Principles of electrical engineering

This book introduction electric circuit theory, control systems and computers, electromechanical energy conversion

保存先:
書誌詳細
第一著者: Del Toro, Vincent
フォーマット: 図書
言語:Undetermined
出版事項: New York McGraw-Hill 1965
主題:
タグ: タグ追加
タグなし, このレコードへの初めてのタグを付けませんか!
Thư viện lưu trữ: Trung tâm Học liệu Trường Đại học Cần Thơ
LEADER 00753nam a2200205Ia 4500
001 CTU_186334
008 210402s9999 xx 000 0 und d
082 |a 629.83 
082 |b D331 
100 |a Del Toro, Vincent 
245 0 |a Principles of electrical engineering 
245 0 |c Vincent Del Toro 
260 |a New York 
260 |b McGraw-Hill 
260 |c 1965 
520 |a This book introduction electric circuit theory, control systems and computers, electromechanical energy conversion 
650 |a Feedback control systems,Computers,Hệ thống điều khiển phản hồi,Máy tính 
650 |x Mathematical models,Mô hình toán học 
904 |i Qhieu 
980 |a Trung tâm Học liệu Trường Đại học Cần Thơ